[Event "Tournament for players graded between 1500 - 1700 "]
[Site "SchemingMind.com"]
[Date "2005.10.20"]
[Round "-"]
[White "norlavuaram"]
[Black "Gary"]
[Result "1-0"]
[WhiteCountry "PER"]
[BlackCountry "ENG"]
[WhiteElo "1872"]
[WhiteRD "98"]
[BlackElo "1583"]
[BlackRD "64"]
[GameID "28054"]

1. e4 c6 2. d3 g6 3. c3 e5 4. Nf3 Bg7 5. g3 d5 6. Nbd2 Ne7 7. Bg2 O-O 8. O-O f5 9. Re1 Nd7 10. Nf1 Qb6
11. Ng5 Nc5 12. b4 Na6 13. Ne3 f4 14. Ng4 h5 15. Bf3 hxg4 16. Bxg4 Bxg4 17. Qxg4 Nc7 18. Qh4 Rf7 19. Nxf7 Kxf7 20. gxf4 Rh8
21. Qg4 exf4 22. Qxf4+ Ke8 23. Be3 d4 24. cxd4 Bxd4 25. Bxd4 Ne6 26. Bxb6 Nxf4 27. Bxa7 Nxd3 28. Red1 Nxb4 29. Rab1 Na6 30. Rxb7 Nc8
31. Be3
1-0

[Event "Tournament for players graded between 1500 - 1700 "]
[Site "SchemingMind.com"]
[Date "2005.10.20"]
[Round "-"]
[White "Gary"]
[Black "norlavuaram"]
[Result "0-1"]
[WhiteCountry "ENG"]
[BlackCountry "PER"]
[WhiteElo "1617"]
[WhiteRD "66"]
[BlackElo "1831"]
[BlackRD "110"]
[GameID "28055"]

1. e4 c5 2. Nf3 Nc6 3. c3 d5 4. exd5 Qxd5 5. Bb5 Nf6 6. O-O e6 7. d4 cxd4 8. Nxd4 Bd7 9. Nxc6 Bxc6 10. Qxd5 Nxd5
11. Bxc6+ bxc6 12. c4 Nb4 13. Na3 Nd3 14. Rd1 Nxc1 15. Raxc1 Bxa3 16. bxa3 Ke7 17. Rd2 Rhd8 18. Rcd1 Rxd2 19. Rxd2= Rd8 20. Rxd8 Kxd8
21. Kf1 Kd7 22. Ke2 Kd6 23. Kd3 Kc5 24. Kc3 e5 25. f3 f5
0-1

[Event "Tournament for players graded between 1500 - 1700 "]
[Site "SchemingMind.com"]
[Date "2005.10.21"]
[Round "-"]
[White "loco61"]
[Black "Gary"]
[Result "1-0"]
[WhiteCountry "ENG"]
[BlackCountry "ENG"]
[WhiteElo "1549"]
[WhiteRD "60"]
[BlackElo "1617"]
[BlackRD "66"]
[GameID "28176"]

1. e4 c6 2. d4 d5 3. e5 Bf5 4. Nc3 e6 5. Nf3 Nd7 6. Bf4 Be7 7. Bd3 Bg6 8. Bxg6 hxg6 9. O-O Qc7 10. Qd2 O-O-O
11. a3 f6 12. exf6 gxf6 13. Bxc7
1-0

[Event "Tournament for players graded between 1500 - 1700 "]
[Site "SchemingMind.com"]
[Date "2005.10.21"]
[Round "-"]
[White "loco61"]
[Black "norlavuaram"]
[Result "0-1"]
[WhiteCountry "ENG"]
[BlackCountry "PER"]
[WhiteElo "1549"]
[WhiteRD "60"]
[BlackElo "1831"]
[BlackRD "110"]
[GameID "28177"]

1. e4 e5 2. Nf3 Nc6 3. Bb5 a6 4. Bxc6 dxc6 5. d3 Bd6 6. O-O Qe7 7. Nc3 Bd7 8. Bg5 f6 9. Bh4 O-O-O 10. a4 g5
11. Bg3 h5 12. h3 g4 13. Nh4 Qg7 14. hxg4 hxg4 15. f3 Nh6 16. Rf2 Rdg8 17. Ne2 f5 18. f4 exf4 19. Bxf4 g3 20. Rf3 Ng4
21. Nxf5 Bxf5 22. exf5 Qh7 23. Nxg3 Bxf4 24. Rxf4 Qh2+ 25. Kf1 Ne3+
0-1

[Event "Tournament for players graded between 1500 - 1700 "]
[Site "SchemingMind.com"]
[Date "2005.10.21"]
[Round "-"]
[White "Gary"]
[Black "loco61"]
[Result "1-0"]
[WhiteCountry "ENG"]
[BlackCountry "ENG"]
[WhiteElo "1523"]
[WhiteRD "64"]
[BlackElo "1536"]
[BlackRD "66"]
[GameID "28178"]

1. d4 Nf6 2. c4 Nc6 3. Nc3 e6 4. Bg5 h6 5. Bh4 g5 6. Bg3 Bg7 7. e3 d6 8. Bd3 O-O 9. Nf3 Nb4 10. Bb1 b6
11. a3 Nc6 12. O-O Ne7 13. b4 d5 14. c5 c6 15. Ne5 b5 16. a4 bxa4 17. Qxa4 Bb7 18. Bd3 h5 19. h4 g4 20. b5 Qc8
21. bxc6 Nxc6 22. Nxc6 Bxc6 23. Bb5 Bxb5 24. Nxb5 a6 25. Nd6 Qd7 26. c6 Qa7 27. Rfc1 Ne8 28. Nxe8 Rfxe8 29. c7 Bf8 30. Qc6 Rec8
31. Rc2 a5 32. Rca2 Bb4 33. Ra4 Bd2 34. Kf1 Qa6+ 35. Qxa6 Rxa6 36. Ke2 Bc3 37. R1a3 Bb2 38. Rb3 Raa8 39. Rxb2 Kf8 40. Rb5 Ke7
41. Rbxa5 Rxa5 42. Rxa5 f6 43. Rb5 Kd7 44. Rb8 f5 45. Be5
1-0

[Event "Tournament for players graded between 1500 - 1700 "]
[Site "SchemingMind.com"]
[Date "2005.10.22"]
[Round "-"]
[White "norlavuaram"]
[Black "loco61"]
[Result "1-0"]
[WhiteCountry "PER"]
[BlackCountry "ENG"]
[WhiteElo "1831"]
[WhiteRD "110"]
[BlackElo "1549"]
[BlackRD "60"]
[GameID "28179"]

1. e4 e5 2. Nf3 Nc6 3. Bb5 d6 4. c3 Bd7 5. O-O a6 6. Ba4 b5 7. Bb3 Nf6 8. Re1 Be7 9. d4 O-O 10. Nbd2 Bg4
11. h3 Bh5 12. g4 Nxg4 13. hxg4 Bxg4 14. Bd5 Qd7 15. Nf1 Bh3 16. Ng3 Bg4 17. Qd3 h5 18. Nh2 Rae8 19. f3 Bh3 20. Nxh5 g6
21. Kh1 Bh4 22. Rg1 Kh7 23. Qe3 g5 24. Nf6+
1-0

[Event "Tournament for players graded between 1500 - 1700 "]
[Site "SchemingMind.com"]
[Date "2005.10.21"]
[Round "-"]
[White "dinoladetto"]
[Black "Gary"]
[Result "1-0"]
[WhiteCountry "ITA"]
[BlackCountry "ENG"]
[WhiteElo "1741"]
[WhiteRD "83"]
[BlackElo "1583"]
[BlackRD "64"]
[GameID "28183"]

1. e4 c6 2. d4 d5 3. Nc3 dxe4 4. Nxe4 Nf6 5. Nxf6+ gxf6 6. Nf3 Bg4 7. Be2 Nd7 8. c3 Qb6 9. Qc2 Bg7 10. Be3 Qc7
11. h3 Bh5 12. O-O-O Bg6 13. Bd3 e6 14. Nh4 O-O-O 15. g3 e5 16. Nf5 Bf8 17. g4 Nb6 18. Rde1 Nd5 19. dxe5 Nxe3 20. Rxe3 fxe5
21. Rhe1 f6 22. h4 Bc5 23. R3e2 Rhe8 24. h5 Bf7 25. Kb1 Rd7 26. Ng7 Rg8 27. h6 Kb8 28. Bxh7
1-0

[Event "Tournament for players graded between 1500 - 1700 "]
[Site "SchemingMind.com"]
[Date "2005.10.21"]
[Round "-"]
[White "dinoladetto"]
[Black "loco61"]
[Result "1-0"]
[WhiteCountry "ITA"]
[BlackCountry "ENG"]
[WhiteElo "1741"]
[WhiteRD "83"]
[BlackElo "1551"]
[BlackRD "59"]
[GameID "28184"]

1. e4 e5 2. Nf3 Nc6 3. Bc4 Bc5 4. c3 Nf6 5. d4 exd4 6. cxd4 Bb6 7. O-O d6 8. Bg5 h6 9. Bh4 g5 10. Bg3 Bg4
11. e5 Ne4 12. Re1 d5 13. Be2 Nxg3 14. hxg3 Bxf3 15. Bxf3 Nxd4 16. Qa4+ c6 17. Bh5 Qe7 18. Nc3 O-O-O 19. Rad1 c5 20. Bf3 Nxf3+
21. gxf3 d4 22. Nb5 a6 23. Nd6+ Kb8 24. Qb3 Rhf8 25. Qxb6 Qc7 26. Qxc7+ Kxc7 27. Nf5 h5 28. Ng7 Kd7 29. e6+ fxe6 30. Nxe6 Rxf3
31. Nxd8 Kxd8 32. Re5 b6 33. Rxg5 Ke7 34. Kg2 Rf6 35. Re1+
1-0

[Event "Tournament for players graded between 1500 - 1700 "]
[Site "SchemingMind.com"]
[Date "2005.10.21"]
[Round "-"]
[White "dinoladetto"]
[Black "norlavuaram"]
[Result "0-1"]
[WhiteCountry "ITA"]
[BlackCountry "PER"]
[WhiteElo "1687"]
[WhiteRD "83"]
[BlackElo "1831"]
[BlackRD "110"]
[GameID "28185"]

1. e4 e5 2. Nf3 Nc6 3. Bc4 Bc5 4. c3 Nf6 5. O-O Bb6 6. Re1 O-O 7. d4 d6 8. Bg5 h6 9. Bh4 Re8 10. d5 Nb8
11. a4 a6 12. b4 Nbd7 13. Nbd2 Nf8 14. Bb3 Ng6 15. Bg3 Nh7 16. c4 Ng5 17. Nh4 Nxh4 18. Bxh4 Nh3+ 19. gxh3 Qxh4 20. Qe2 Bxh3
21. Nf1 Bg4 22. Qd2 Bf3 23. Ng3 Qh3
0-1

[Event "Tournament for players graded between 1500 - 1700 "]
[Site "SchemingMind.com"]
[Date "2005.10.21"]
[Round "-"]
[White "Gary"]
[Black "dinoladetto"]
[Result "0-1"]
[WhiteCountry "ENG"]
[BlackCountry "ITA"]
[WhiteElo "1524"]
[WhiteRD "63"]
[BlackElo "1776"]
[BlackRD "82"]
[GameID "28186"]

1. d4 Nf6 2. c4 g6 3. Nc3 Bg7 4. Nf3 d5 5. e3 O-O 6. Be2 dxc4 7. Bxc4 Bg4 8. O-O e6 9. h3 Bxf3 10. Qxf3 c6
11. b3 Nbd7 12. Bb2 Qc7 13. Rac1 Rad8 14. Rfd1 Nb6 15. a3 Nxc4 16. bxc4 Rd7 17. Ne4 Rfd8 18. Nc5 Re7 19. Bc3 b6 20. Na6 Qc8
21. Nb4 Rc7 22. Nd3 Ne8 23. Rb1 Nd6 24. c5 Nb5 25. Bb2 Qa6 26. Nb4 Qb7 27. a4 bxc5 28. dxc5 Rxd1+ 29. Qxd1 Rd7 30. Qe2 Nc3
31. Bxc3 Bxc3
0-1

[Event "Tournament for players graded between 1500 - 1700 "]
[Site "SchemingMind.com"]
[Date "2005.10.22"]
[Round "-"]
[White "loco61"]
[Black "dinoladetto"]
[Result "0-1"]
[WhiteCountry "ENG"]
[BlackCountry "ITA"]
[WhiteElo "1549"]
[WhiteRD "60"]
[BlackElo "1687"]
[BlackRD "83"]
[GameID "28187"]

1. e4 e5 2. Nf3 Nf6 3. Nxe5 d6 4. Nxf7 Kxf7 5. Nc3 Be7 6. Bc4+ Be6 7. Bxe6+ Kxe6 8. d3 Re8 9. g4 Kf7 10. g5 Nfd7
11. Qf3+ Kg8 12. h4 Ne5 13. Qg2 Qd7 14. f4 Qg4 15. Qxg4 Nxg4 16. Ke2 Nc6 17. Nb5 Rac8 18. Bd2 a6 19. Nc3 Nd4+ 20. Kf1 Nxc2
21. Rc1 Nb4 22. Ke2 h5 23. gxh6 Nxh6 24. f5 Bf6 25. h5 Nxf5 26. a3 Nc6 27. Be3 Ng3+
0-1

[Event "Tournament for players graded between 1500 - 1700 "]
[Site "SchemingMind.com"]
[Date "2005.10.22"]
[Round "-"]
[White "norlavuaram"]
[Black "dinoladetto"]
[Result "1/2-1/2"]
[WhiteCountry "PER"]
[BlackCountry "ITA"]
[WhiteElo "1818"]
[WhiteRD "89"]
[BlackElo "1776"]
[BlackRD "82"]
[GameID "28188"]

1. e4 e5 2. Nf3 Nf6 3. Nxe5 d6 4. Nf3 Nxe4 5. d4 d5 6. Bd3 Bd6 7. O-O Bg4 8. h3 Bh5 9. c4 c6 10. Re1 f5
11. Nc3 O-O 12. Qb3 Qd7 13. cxd5 cxd5 14. Qxd5+ Bf7 15. Qb5 Nxc3 16. bxc3 Qxb5 17. Bxb5 a6 18. Bf1 Nc6 19. Bb2 Rae8 20. Bd3 g6
21. Rxe8 Rxe8 22. Re1 Rxe1+ 23. Nxe1 Bxa2 24. Kf1 Kf7 25. Ke2 b5 26. Nc2 Ke6 27. Ne3 Na5 28. g3 f4 29. gxf4 Bxf4 30. Ba3 Bxe3
31. fxe3 Nc4 32. Bxc4+ Bxc4+ 33. Kf3 Kf5 34. e4+ Kf6 35. h4 Bd3 36. Kf4 Bc4 37. Bb4 Be6 38. d5 Bc8 39. e5+ Kg7 40. e6 Kf6
41. Ba5 Bxe6 42. dxe6 Kxe6 43. Kg5 Kf7 44. Kh6 Kg8 45. Bb4 Kh8 46. Ba5 Kg8 47. Kg5 Kg7 48. Bd8 h6+ 49. Kf4 Kf7 50. Ke5 Ke8
51. Ba5 Ke7 52. Kd5 g5 53. hxg5 hxg5 54. Kc6 Ke6 55. Kb6 Kd5 56. Kxa6 Kc4 57. Bb6=
1/2-1/2

[Event "Tournament for players graded between 1500 - 1700 "]
[Site "SchemingMind.com"]
[Date "2005.10.21"]
[Round "-"]
[White "Gambit13"]
[Black "Gary"]
[Result "1/2-1/2"]
[WhiteCountry "USA"]
[BlackCountry "ENG"]
[WhiteElo "1931"]
[WhiteRD "138"]
[BlackElo "1524"]
[BlackRD "63"]
[GameID "28189"]

1. e4 c5 2. Nf3 e6 3. d4 cxd4 4. Nxd4 g6 5. Nc3 Bg7 6. Be3 Nf6 7. f3 O-O 8. Qd2 Re8 9. O-O-O Nc6 10. Bc4 b6
11. Ndb5 Rf8 12. Nd6 Qc7 13. Ncb5 Qd8 14. Bh6 a6 15. Bxg7 Kxg7 16. Nd4 b5 17. Nxc6 dxc6 18. Nxc8 Qxd2+ 19. Rxd2 Raxc8 20. Be2 Rfd8
21. Rhd1 Rxd2 22. Rxd2 Kf8 23. a3 Ke7 24. Kd1 Rc7 25. Ke1 Rd7= 26. Bd1 Rxd2 27. Kxd2 Kd6=
1/2-1/2

[Event "Tournament for players graded between 1500 - 1700 "]
[Site "SchemingMind.com"]
[Date "2005.10.21"]
[Round "-"]
[White "Gambit13"]
[Black "loco61"]
[Result "1-0"]
[WhiteCountry "USA"]
[BlackCountry "ENG"]
[WhiteElo "1934"]
[WhiteRD "172"]
[BlackElo "1551"]
[BlackRD "59"]
[GameID "28190"]

1. e4 e5 2. Nf3 Nc6 3. Bb5 d6 4. d4 Bd7 5. Nc3 a6 6. Bxc6 Bxc6 7. dxe5 dxe5 8. Qxd8+ Rxd8 9. Nxe5 Bd7 10. Nd5 c6
11. Nxd7 Rxd7 12. Ne3 Bc5 13. f3 Nf6 14. Bd2 O-O 15. O-O-O Rfd8 16. c3 b5 17. Kc2 a5 18. Bc1 g6 19. Rxd7 Rxd7 20. Rd1 Rxd1
21. Nxd1 Nd7 22. Bf4 f6 23. Kd3 g5 24. Bc7 a4 25. Ne3 Ne5+ 26. Bxe5 fxe5 27. g4 Kf7 28. Nf5 Ke6 29. h3 Kf6= 30. c4 b4
31. b3 a3 32. Ne3 Ke6 33. Nf5 Kf6 34. Ng3 Ke6 35. Ne2 Kf6 36. Nc1 Bd4 37. Kc2 Ke6 38. Kd3 Kd6 39. Ne2 c5 40. Ng3 Ke6
41. Nf5 Kf6 42. Ne3 Ke6 43. Ke2 Kf6 44. Ng2 Ke6 45. h4 h6 46. h5 Kf6 47. Ne3 Ke6 48. Nf5 Kf6 49. Nxh6 Kg7 50. Nf5+ Kh7
51. Nd6 Kg7 52. Nf5+ Kf6 53. Nxd4 exd4 54. Kd3 Kf7 55. e5 Kg7 56. Ke4 Kf7 57. f4 gxf4 58. Kxf4
1-0

[Event "Tournament for players graded between 1500 - 1700 "]
[Site "SchemingMind.com"]
[Date "2005.10.21"]
[Round "-"]
[White "Gambit13"]
[Black "dinoladetto"]
[Result "1-0"]
[WhiteCountry "USA"]
[BlackCountry "ITA"]
[WhiteElo "1916"]
[WhiteRD "177"]
[BlackElo "1687"]
[BlackRD "83"]
[GameID "28191"]

1. e4 e5 2. Nf3 Nf6 3. d4 d6 4. Nc3 Bg4 5. dxe5 Bxf3 6. Qxf3 dxe5 7. Bg5 Be7 8. Rd1 Nbd7 9. Bc4 O-O 10. Bxf6 Bxf6
11. Qg4
1-0

[Event "Tournament for players graded between 1500 - 1700 "]
[Site "SchemingMind.com"]
[Date "2005.10.21"]
[Round "-"]
[White "Gambit13"]
[Black "norlavuaram"]
[Result "0-1"]
[WhiteCountry "USA"]
[BlackCountry "PER"]
[WhiteElo "1889"]
[WhiteRD "128"]
[BlackElo "1779"]
[BlackRD "85"]
[GameID "28192"]

1. e4 e5 2. Nf3 Nc6 3. Bb5 a6 4. Ba4 Nf6 5. O-O Be7 6. Re1 b5 7. Bb3 O-O 8. c3 d6 9. h3 Nb8 10. d4 Nbd7
11. Nbd2 c5 12. Nf1 Qc7 13. Ng3 c4 14. Bc2 Bb7 15. d5 Nc5 16. Be3 Bc8 17. Qe2 h6 18. a4 Rb8 19. Reb1 Bd7 20. Bxc5 Qxc5
21. Nd2 Rfc8 22. Ngf1 Bd8 23. Ne3 Bb6 24. Nd1 Rf8 25. axb5 axb5 26. b4 Qc8 27. Kh2 Nh7 28. Nf3 f5 29. Ne3 fxe4 30. Bxe4 Nf6
31. Qc2 Bxe3 32. fxe3 Nxe4 33. Qxe4 Bf5 34. Qh4 Bxb1 35. Rxb1 Qf5 36. e4 Qf4+ 37. Qxf4 Rxf4 38. Re1 Ra8 39. Re3 Ra2 40. Kg3 Rf8
41. Re1 Rfa8 42. Nh4 R8a3 43. Re3 Rc2 44. Nf5 Ra6 45. Kf3 Kh7 46. g4 g6 47. Ng3 Ra1 48. Ne2 Raa2 49. Kf2 Kg7 50. Ke1 Ra1+
51. Kf2 Rd1 52. Kf3 Rd3 53. Kf2 Kf6 54. h4 Ra2 55. Kf3 Rd1 56. Kg2 Re1 57. Kf2 Rh1 58. Kg3 Rd2 59. Rf3+ Ke7 60. Rf2 Rd3+
61. Rf3 Rxh4 62. Kxh4 Rxf3 63. g5 h5 64. Nd4 Rf4+ 65. Kh3 exd4
0-1

[Event "Tournament for players graded between 1500 - 1700 "]
[Site "SchemingMind.com"]
[Date "2005.10.21"]
[Round "-"]
[White "Gary"]
[Black "Gambit13"]
[Result "0-1"]
[WhiteCountry "ENG"]
[BlackCountry "USA"]
[WhiteElo "1524"]
[WhiteRD "63"]
[BlackElo "1931"]
[BlackRD "138"]
[GameID "28193"]

1. e4 e6 2. d4 d5 3. Nd2 c5 4. c3 Nc6 5. Ngf3 Nf6 6. e5 Nd7 7. Bb5 Qb6 8. Bxc6 bxc6 9. Qb3 Ba6 10. c4 cxd4
11. Qxb6 axb6 12. b3 dxc4 13. Nxc4 Bxc4 14. bxc4 Bb4+ 15. Bd2 Bxd2+ 16. Kxd2 c5 17. a4 Ke7 18. Kd3 Ra5 19. Ra2 Rha8 20. Rha1 g5
21. g4 Rf8 22. h3 f5 23. exf6+ Rxf6 24. Nxg5 Ne5+
0-1

[Event "Tournament for players graded between 1500 - 1700 "]
[Site "SchemingMind.com"]
[Date "2005.10.22"]
[Round "-"]
[White "loco61"]
[Black "Gambit13"]
[Result "0-1"]
[WhiteCountry "ENG"]
[BlackCountry "USA"]
[WhiteElo "1549"]
[WhiteRD "60"]
[BlackElo "1916"]
[BlackRD "177"]
[GameID "28194"]

1. e4 Nf6 2. e5 Nd5 3. d4 d6 4. Nf3 Bg4 5. h3 Bxf3 6. Qxf3 dxe5 7. Bc4 e6 8. dxe5 Nc6 9. Qe2 Nb6 10. O-O Nxc4
11. Qxc4 Qd4 12. Qxd4 Nxd4 13. c3 Nc2 14. Na3 Nxa1 15. Be3 Bxa3 16. bxa3 Nc2 17. Bc5 b6
0-1

[Event "Tournament for players graded between 1500 - 1700 "]
[Site "SchemingMind.com"]
[Date "2005.10.22"]
[Round "-"]
[White "dinoladetto"]
[Black "Gambit13"]
[Result "1/2-1/2"]
[WhiteCountry "ITA"]
[BlackCountry "USA"]
[WhiteElo "1776"]
[WhiteRD "82"]
[BlackElo "1931"]
[BlackRD "138"]
[GameID "28195"]

1. e4 e6 2. d4 d5 3. f3 dxe4 4. Bf4 exf3 5. Nxf3 Nf6 6. Bd3 Be7 7. Nc3 a6 8. O-O O-O 9. Be5 Nc6 10. Qe2 Nxe5
11. dxe5 Nd5 12. Nxd5 Qxd5 13. a3 f5 14. c3 Bd7 15. Rad1 Qc5+ 16. Nd4 Be8 17. Kh1 Bf7 18. b4 Qxc3 19. Rc1 Qxd4 20. Rxc7 Bxb4
21. axb4 Qxb4 22. Rb1 Qg4 23. Rbxb7 Qxe2 24. Bxe2 Rac8 25. Bxa6 Rxc7 26. Rxc7 g5 27. g3 Kg7 28. Bc4 Kg6 29. Kg2 Rd8 30. Re7 Rd2+
31. Kh1 Rd1+ 32. Kg2 Rd2+ 33. Kg1= Rd1+ 34. Kg2= Rd2+ 35. Kg1= Rd1+ 36. Kg2 Re1 37. Bxe6 Bxe6 38. Rxe6+ Kh5 39. Kf2= Rh1 40. Kg2 Re1
41. Kf2 Rh1 42. Kg2= Re1 43. Kf2 Re4 44. Kf3 g4+ 45. Kg2 Kg5 46. Re7 Kg6 47. Re6+ Kg7 48. Re7+ Kg6 49. Re6+ Kg5 50. Re7 h6
51. Re8 Kh5 52. e6 Kg6 53. e7 Kg7 54. Kf2 Re5 55. Rf8 Rxe7 56. Rxf5 Kg6 57. Rf4=
1/2-1/2

[Event "Tournament for players graded between 1500 - 1700 "]
[Site "SchemingMind.com"]
[Date "2005.10.22"]
[Round "-"]
[White "norlavuaram"]
[Black "Gambit13"]
[Result "0-1"]
[WhiteCountry "PER"]
[BlackCountry "USA"]
[WhiteElo "1818"]
[WhiteRD "89"]
[BlackElo "1931"]
[BlackRD "138"]
[GameID "28196"]

1. e4 c5 2. Nf3 d6 3. Bb5+ Nd7 4. O-O Nf6 5. Re1 a6 6. Bxd7+ Nxd7 7. d4 e6 8. Nc3 Be7 9. Be3 Qc7 10. d5 e5
11. Qd2 O-O 12. Ne2 Nb6 13. b3 Bg4 14. Ng3 Bxf3 15. gxf3 Nd7 16. Nf5 Rfe8 17. Kh1 Nf8 18. Rg1 Ng6 19. Rg2 Bf6 20. Rag1 Kh8
21. Bg5 Bxg5 22. Qxg5 f6 23. Qg4 Rg8 24. h4 Nf4 25. Rh2 h5 26. Qg3 Ne2 27. Qg6 Nf4 28. Qg3 Ne2 29. Qg6 Nf4 30. Qg3 g6
31. Nh6 Rg7 32. Re1 Kh7 33. Ng4 hxg4 34. fxg4 Qd7 35. c4 Rh8 36. f3 Kg8 37. Qf2 Nd3
0-1

[Event "Tournament for players graded between 1500 - 1700 "]
[Site "SchemingMind.com"]
[Date "2005.10.25"]
[Round "-"]
[White "Tdfrantz"]
[Black "Gary"]
[Result "0-1"]
[WhiteCountry "CAN"]
[BlackCountry "ENG"]
[WhiteElo "1364"]
[WhiteRD "92"]
[BlackElo "1498"]
[BlackRD "55"]
[GameID "28424"]

1. e4 c6 2. d4 d5 3. exd5 Qxd5 4. Nc3 Qa5 5. Bd2 Qc7 6. Nf3 Nf6 7. Bc4 Bg4 8. h3 Bh5 9. Be2 e6 10. Ne5 Bxe2
11. Qxe2 Bd6 12. f4 Nbd7 13. O-O-O Bxe5 14. dxe5 Nd5 15. Ne4 f6 16. Nd6+ Kf8 17. Rhf1 Rd8 18. Qh5 N7b6 19. b3 Nc8
0-1

[Event "Tournament for players graded between 1500 - 1700 "]
[Site "SchemingMind.com"]
[Date "2005.10.25"]
[Round "-"]
[White "Tdfrantz"]
[Black "loco61"]
[Result "0-1"]
[WhiteCountry "CAN"]
[BlackCountry "ENG"]
[WhiteElo "1377"]
[WhiteRD "83"]
[BlackElo "1549"]
[BlackRD "62"]
[GameID "28425"]

1. e4 e5 2. f4 Nc6 3. Nf3 exf4 4. d4 g5 5. h3 d6 6. Bc4 Bg7 7. O-O h5 8. c3 f5 9. Re1 Qf6 10. g3 fxe4
11. Rxe4+ Nge7 12. gxf4 Bxh3 13. fxg5 Qf5 14. Rf4 Qd7 15. Bf7+ Kd8 16. Qe2 Bg4 17. Nbd2 h4 18. Qe4 Bxf3
0-1

[Event "Tournament for players graded between 1500 - 1700 "]
[Site "SchemingMind.com"]
[Date "2005.10.25"]
[Round "-"]
[White "Tdfrantz"]
[Black "dinoladetto"]
[Result "0-1"]
[WhiteCountry "CAN"]
[BlackCountry "ITA"]
[WhiteElo "1377"]
[WhiteRD "83"]
[BlackElo "1776"]
[BlackRD "82"]
[GameID "28426"]

1. f4 Nf6 2. e3 d5 3. Nf3 g6 4. b3 Bg7 5. Bb2 O-O 6. Be2 c5 7. c4 e6 8. Qc2 dxc4 9. Qxc4 Qe7 10. Nc3 Nc6
11. Ne4 Nxe4 12. Bxg7 Kxg7 13. Qxe4 f5 14. Qc4 b6 15. b4 Nxb4 16. d4 Ba6 17. Qb3 Bxe2 18. Kxe2 Nd5 19. Rac1 cxd4 20. Nxd4 Rfd8
21. Nc6 Qb7 22. Qb2+ Kf7 23. Ne5+ Kg8 24. Kf2 Rac8
0-1

[Event "Tournament for players graded between 1500 - 1700 "]
[Site "SchemingMind.com"]
[Date "2005.10.25"]
[Round "-"]
[White "Tdfrantz"]
[Black "Gambit13"]
[Result "0-1"]
[WhiteCountry "CAN"]
[BlackCountry "USA"]
[WhiteElo "1480"]
[WhiteRD "82"]
[BlackElo "1916"]
[BlackRD "177"]
[GameID "28427"]

1. d4 Nf6 2. c4 c5 3. dxc5 e6 4. b4 a5 5. Ba3 Nc6 6. Qb3 axb4 7. Bxb4 Nxb4 8. Qxb4 Qa5 9. Qxa5 Rxa5 10. e3 Bxc5
11. Nc3 Bb4 12. Ne2 Ra3 13. Rc1 Ne4
0-1

[Event "Tournament for players graded between 1500 - 1700 "]
[Site "SchemingMind.com"]
[Date "2005.10.25"]
[Round "-"]
[White "Tdfrantz"]
[Black "norlavuaram"]
[Result "0-1"]
[WhiteCountry "CAN"]
[BlackCountry "PER"]
[WhiteElo "1463"]
[WhiteRD "85"]
[BlackElo "1872"]
[BlackRD "98"]
[GameID "28428"]

1. Nf3 Nf6 2. c4 c5 3. e3 Nc6 4. d4 cxd4 5. exd4 d5 6. cxd5 Nxd5 7. Bc4 e6 8. O-O Be7 9. b3 O-O 10. Bb2 Bf6
11. Bxd5 exd5 12. Na3 a6 13. Nc2 Bg4 14. Qd3 g6 15. h3 Bf5 16. Qd2 Rc8 17. Ne3 Be4 18. Qd1 Nb4
0-1

[Event "Tournament for players graded between 1500 - 1700 "]
[Site "SchemingMind.com"]
[Date "2005.10.25"]
[Round "-"]
[White "Gary"]
[Black "Tdfrantz"]
[Result "1-0"]
[WhiteCountry "ENG"]
[BlackCountry "CAN"]
[WhiteElo "1617"]
[WhiteRD "66"]
[BlackElo "1480"]
[BlackRD "82"]
[GameID "28429"]

1. d4 Nf6 2. Nc3 e6 3. e4 Bb4 4. f3 Nc6 5. Ne2 O-O 6. a3 Be7 7. Ng3 d5 8. Bd3 Nxd4 9. exd5 g6 10. Bxg6 Nxc2+
11. Bxc2 exd5 12. O-O Bc5+ 13. Kh1 Re8 14. Bg5 Be7 15. Qd3
1-0

[Event "Tournament for players graded between 1500 - 1700 "]
[Site "SchemingMind.com"]
[Date "2005.10.25"]
[Round "-"]
[White "loco61"]
[Black "Tdfrantz"]
[Result "1-0"]
[WhiteCountry "ENG"]
[BlackCountry "CAN"]
[WhiteElo "1549"]
[WhiteRD "62"]
[BlackElo "1377"]
[BlackRD "83"]
[GameID "28430"]

1. e4 e5 2. Nf3 Nc6 3. Bc4 Bc5 4. O-O Nf6 5. Nc3 d6 6. d3 O-O 7. Bg5 h6 8. Bh4 Bg4 9. h3 Bd7 10. Qd2 Be6
11. a3 Bxc4 12. dxc4 Re8 13. Nd5 Re6 14. b4 Bd4 15. c3 Bb6 16. a4 a6 17. b5 Ne7 18. Bxf6 gxf6 19. Qxh6 Ng6 20. h4
1-0

[Event "Tournament for players graded between 1500 - 1700 "]
[Site "SchemingMind.com"]
[Date "2005.10.25"]
[Round "-"]
[White "dinoladetto"]
[Black "Tdfrantz"]
[Result "1-0"]
[WhiteCountry "ITA"]
[BlackCountry "CAN"]
[WhiteElo "1741"]
[WhiteRD "83"]
[BlackElo "1463"]
[BlackRD "85"]
[GameID "28431"]

1. e4 Nc6 2. d4 e6 3. Nf3 d5 4. Nbd2 Nf6 5. e5 Nd7 6. Nb3 Be7 7. Bb5 O-O 8. O-O Nb6 9. Bxc6 bxc6 10. Na5 Qd7
11. Qd3 c5 12. dxc5 Bxc5 13. Ng5 g6 14. Qh3 h5 15. g4 f6 16. exf6 Rxf6 17. gxh5 Ba6 18. Nb3 Bxf1 19. Nxc5 Bxh3 20. Nxd7 Nxd7
21. Nxh3 gxh5 22. Be3 c5 23. Rd1 d4 24. Bd2
1-0

[Event "Tournament for players graded between 1500 - 1700 "]
[Site "SchemingMind.com"]
[Date "2005.10.25"]
[Round "-"]
[White "Gambit13"]
[Black "Tdfrantz"]
[Result "1-0"]
[WhiteCountry "USA"]
[BlackCountry "CAN"]
[WhiteElo "1931"]
[WhiteRD "138"]
[BlackElo "1377"]
[BlackRD "83"]
[GameID "28432"]

1. c4 e5 2. Nc3 Nf6 3. g3 d5 4. cxd5 Nxd5 5. Bg2 c6 6. Nf3 Bd6 7. O-O Bf5 8. d3 Nxc3 9. bxc3 Nd7 10. Qb3 Nc5
11. Qc2 O-O 12. Nh4 Be6 13. Ba3 Qc7 14. Bxc5 Bxc5 15. e3 Rad8 16. d4 exd4 17. cxd4 Bb6 18. Be4 g6 19. Bd3 Bh3 20. Ng2 Qd7
21. Rfc1 Qd5 22. Nf4
1-0

[Event "Tournament for players graded between 1500 - 1700 "]
[Site "SchemingMind.com"]
[Date "2005.10.26"]
[Round "-"]
[White "norlavuaram"]
[Black "Tdfrantz"]
[Result "1-0"]
[WhiteCountry "PER"]
[BlackCountry "CAN"]
[WhiteElo "1872"]
[WhiteRD "98"]
[BlackElo "1463"]
[BlackRD "85"]
[GameID "28433"]

1. e4 d6 2. d3 e5 3. Be3 Nf6 4. g3 Nc6 5. Bg2 Be7 6. Nf3 Bg4 7. h3 Bxf3 8. Bxf3 Qd7 9. Bg2 h6 10. O-O Nd8
11. Nd2 Ne6 12. f4 exf4 13. gxf4 g5 14. e5 gxf4 15. Bxf4 Nxf4 16. exf6 Nxg2 17. Kxg2 Rg8+ 18. Kh2
1-0